000 00558cam a2200193 a 4500
020 _a9780073378695 (alk. paper)
040 _cDLC
082 0 0 _a371 MCG 2012 A114 Or.
100 1 _aBayat, Mojdeh.
245 1 0 _aTeaching exceptional children /
250 _a1st ed.
260 _aNew York :
_bMcGraw-Hill,
_cc2012.
300 _axix, 588 p. :
_bcol. ill. ;
_c24 cm.
650 0 _aSpecial education teachers
650 0 _aLearning disabled children
650 0 _aDevelopmentally disabled children
650 0 _aIndividualized instruction.
942 _cEK
999 _c17446
_d17446